000 00292pam a2200133 a 4500
020 _c
041 _h
082 _a700.1
_bGOM
100 _aE. H. Gombrich .
245 _aThe Story of Art
_hTextual Documents
260 _aAmerica
_bPhaidon Book
300 _a1046:
_bpaper.
930 _a5252
999 _c239042
_d239042